Artificial Neural Networks as Models of Neural Information Processing (Record no. 26333)
[ view plain ]
| 000 -LEADER | |
|---|---|
| fixed length control field | 00596nam a2200133Ia 4500 |
| 008 - FIXED-LENGTH DATA ELEMENTS--GENERAL INFORMATION | |
| fixed length control field | 220620s9999||||xx |||||||||||||| ||und|| |
| 022 ## - INTERNATIONAL STANDARD SERIAL NUMBER | |
| International Standard Serial Number | 16648714 |
| 100 ## - MAIN ENTRY--PERSONAL NAME | |
| Personal name | Marcel van Gerven||Sander Bohte |
| 245 #0 - TITLE STATEMENT | |
| Title | Artificial Neural Networks as Models of Neural Information Processing |
| 546 ## - LANGUAGE NOTE | |
| Language note | English[eng] |
| 650 ## - SUBJECT ADDED ENTRY--TOPICAL TERM | |
| Topical term or geographic name entry element | brain imaging||artificial neural networks||deep learning||neural information processing||backpropagation||spiking neural networks |
| 856 ## - ELECTRONIC LOCATION AND ACCESS | |
| Uniform Resource Identifier | <a href="https://www.frontiersin.org/research-topics/4817/artificial-neural-networks-as-models-of-neural-information-processing">https://www.frontiersin.org/research-topics/4817/artificial-neural-networks-as-models-of-neural-information-processing</a> |
| 942 ## - ADDED ENTRY ELEMENTS (KOHA) | |
| Koha item type | E-Books |
| Withdrawn status | Lost status | Damaged status | Not for loan | Home library | Current library | Date acquired | Total Checkouts | Date last seen | Price effective from | Koha item type |
|---|---|---|---|---|---|---|---|---|---|---|
| Kerala University of Digital Sciences, Innovation and Technology Knowledge Centre | Kerala University of Digital Sciences, Innovation and Technology Knowledge Centre | 20/06/2022 | 20/06/2022 | 20/06/2022 | E-Books |